Paula Giersch ... (Hg.): Galizien im Diskurs [Rezension]

Titel: Paula Giersch ... (Hg.): Galizien im Diskurs [Rezension] / Clemens Ruthner
Verfasser:
In: About time: conceptualizing and representing temporality in German, Swiss and Austrian culture, (2013), Seite 151-153
alle Artikel anzeigen
Veröffentlicht: 2013
Format: Aufsatz
Sprache: Deutsch
Kein Bild verfügbar
X
alg: 33277822
001A    $04504:21-10-13 
001B    $01999:21-10-13 $t22:42:01.000 
001C    $04504:21-10-13 $t13:37:56.000 
001D    $04504:21-10-13 
001U    $0utf8 
001X    $00 
002@    $0Aou 
003@    $0332778223 
007A    $0332778223 $aHEB 
010@    $ager 
011@    $a2013 
021A    $aPaula Giersch ... (Hg.): Galizien im Diskurs [Rezension] $hClemens Ruthner 
028A    $717262407X $8Ruthner, Clemens$Z1964- [Tp3] $9287701107 
031A    $h151-153 $j2013 
039B    $aIn $8--Aau--. About time: conceptualizing and representing temporality in German, Swiss and Austrian culture. - Konstanz : Hartung-Gorre, 2013. - 160 S.. - Ill.. - ISBN 978-3-86628-475-3 $x201300000000000849 $9332152456 
039T    $8--Aau--. Galizien im Diskurs. - Frankfurt am Main {[u.a.] : Lang, 2012. - 369 S.. - ISBN 978-3-631-63501-8 $9311021875 
045V    $805.04.00$jStudien [Tkx] $9118843400 

lok: 33277822 62

exp: 33277822 62 1 #EPN
201B/01 $021-10-13 $t22:11:40.000 
203@/01 $072207977X 
208@/01 $a21-10-13 $be 
209A/01 $a/ $f000 $x00 
209B/01 $a2013 $x05 
247C/01 $8Frankfurt, Bibliographie der Deutschen Sprach- und Literaturwissenschaft $9113214561 
201U/01 $0utf8 

lok: 33277822 78

exp: 33277822 78 1 #EPN
201B/01 $003-05-19 $t13:45:14.000 
201C/01 $003-05-19 
201U/01 $0utf8 
203@/01 $01050678079 
208@/01 $a03-05-19 $be 
209A/01 $a/ $f000 $x00 
209A/01 $ab*p $x01 
220C/01 $apgar 
244Z/01 $#Generalgouvernement Polen $#Polska $#Rzeczpospolita Polska $#Polska Rzeczpospolita Ludowa $#Poland $#Pologne $#République Polonaise $#Generalne Gubernatorstwo w Polsce $#Polish People's Republic $#Polska Rzeczpospolita Polen $#PRL $#RP $#Polen Generalgouvernement $#Polska Generalgouvernement $#Besetzte Polnische Gebiete $#Besetztes Gebiet in Polen $#Okupowane Polskie Obszary $#Obszary Okupowane w Polsce $#Volksrepublik Polen $#Polska Rosyjska $#Republic Polen $#Respublika Pol'ša $#Pol'skaja Narodnaja Respublika $#République de Pologne $#Polen Links der Weichsel $#Polska po Lewej Stronie Wisły $#Lenkija $#Polija $#Gubernija Carstva Pol'skago $#Republik Polen $74046496-9 $8--Tg1--Polen $x01 $9085129801 
247C/01 $82080>Marburg/Lahn, Herder-Institut, Forschungsbibliothek, Bibliographieportal $9336309341
LEADER 00000caa a2200000 c 4500
001 332778223
003 DE-603
005 20131021224201.0
007 tu
008 131021s2013 xx |||| | u00||u|ger c
035 |a (DE-599)HEB332778223 
040 |a DE-603  |b ger  |c DE-603  |d DE-603 
041 |a ger 
100 1 |a Ruthner, Clemens  |d 1964-  |0 (DE-603)287701107  |0 (DE-588)17262407X  |2 gnd 
245 0 0 |a Paula Giersch ... (Hg.): Galizien im Diskurs [Rezension]  |c Clemens Ruthner 
264 0 |c 2013 
773 0 8 |i In  |t About time: conceptualizing and representing temporality in German, Swiss and Austrian culture  |d Konstanz : Hartung-Gorre, 2013  |h 160 S., Ill.  |z 3866284756  |z 9783866284753  |g (2013), Seite 151-153  |w (DE-603)332152456 
787 0 8 |i Rezension von  |t Galizien im Diskurs  |d Frankfurt am Main ˜[u.a.] œ: Lang, 2012  |h 369 S., 24 cm  |z 9783631635018  |z 363163501X  |w (DE-603)311021875 
924 0 |9 603  |a (DE-603)72207977X  |b DE-603  |c HES  |d d 
924 0 |9 2080  |a (DE-603)1050678079  |b DE-2080  |c HES  |d d  |g /